Telecommunications Engineering (Record no. 59613)

MARC details
000 -LEADER
fixed length control field 00593nam a2200169 a 4500
008 - FIXED-LENGTH DATA ELEMENTS--GENERAL INFORMATION
fixed length control field 120416s1986 ||||||||||||||||| || u
020 ## - INTERNATIONAL STANDARD BOOK NUMBER
International Standard Book Number 0713135581
050 ## - LIBRARY OF CONGRESS CALL NUMBER
Classification number TK 5101 Bri
100 ## - MAIN ENTRY--PERSONAL NAME
Personal name Brierley, H. G
245 10 - TITLE STATEMENT
Title Telecommunications Engineering
260 ## - PUBLICATION, DISTRIBUTION, ETC.
Place of publication, distribution, etc. London:
Name of publisher, distributor, etc. E. Arnold
Date of publication, distribution, etc. 1986
300 ## - PHYSICAL DESCRIPTION
Extent vii, 278p.: ill.
350 ## - PRICE (NR) (BK AM CF MU VM SE) [OBSOLETE]
Price 0.00
500 ## - GENERAL NOTE
General note Includes index. -Bibliography: p. [271]
650 #0 - SUBJECT ADDED ENTRY--TOPICAL TERM
Topical term or geographic name entry element TELECOMMUNICATION SYSTEMS
995 ## - RECOMMENDATION 995 [LOCAL, UNIMARC FRANCE]
-- 0.00
-- CBU-MAIN LIBRARY (Kitwe)
-- 2
-- 11.50
-- AVAILABLE
-- Main Library Open Access Collection
Holdings
Withdrawn status Lost status Source of classification or shelving scheme Damaged status Not for loan Home library Current library Shelving location Date acquired Total Checkouts Full call number Barcode Date last seen Price effective from Koha item type
          CBU-MAIN LIBRARY, KITWE. CBU-MAIN LIBRARY, KITWE.   11/30/2022   TK 5101 Bri 45977 11/30/2022 11/30/2022 MONOGRAPH